000
00329nam a2200133Ia 4500
008
231129s1983||||xx |||||||||||||| ||spa||
040
_b
spa
082
_a
843 L895m
100
_a
Louys Pierre
245
0
_a
Madame y sus tres hijas
260
_c
1983
264
_a
Bogotá Colombia : Círculo de Lectores
942
_2
ddc
_c
BKS
999
_c
20210
_d
20210